00773 2200181 4500001002100000005001500021035002000036245005100056100002400107250001700131300002800148260003100176082001100207084001700218020002200235650002100257500031300278INLIS00000000000000720240318091553 a0010-03240000071 aHukuman Untuk Si Belang /cRirin Astutiningrum0 aRirin Astutiningrum acetakan ke-1 a36 hlm :bilus ;c24 cm aSolo :bTiga Ananda,c2017 a398.24 a398.24 RIR h a978-602-366-249-4 4aCerita Bergambar aBuku cerita bergambar bertemakan sains ini mengajak anak-anak untuk lebih mengenal berbagai peristiwa yang terjadi di Iingkungan sekitar. Ternyata ada banyak kejadian alam atau yang mengandung pelajaran sains di dalamnya. Disajikan dalam bentuk cerita seru, anak-anak akan mudah memahaminya. Selamat membaca!